Southville International School and Colleges
Your cart is empty.
  • Cart
  • Lists
    Public lists Eva Luna New books Lux_list list_1
    Your lists Log in to create your own lists
  • Log in to your account
  • Your cookies
  • Search history
Southville International School and Colleges
  • Advanced search
  • Recent comments
  • Most popular
  • Libraries

Log in to your account

Log in with GOOGLE


If you do not have an external account, but do have a local account, you can still log in:

  1. Home
  2. MARC view: Adventure stories for reading. learning and literacy :
Normal view MARC view ISBD view

Adventure stories for reading. learning and literacy : (Record no. 24685)

[ view plain ]
MARC details
000 -LEADER
fixed length control field 00647nam a2200205 a 4500
005 - DATE AND TIME OF LATEST TRANSACTION
control field 20140310183534.0
008 - FIXED-LENGTH DATA ELEMENTS--GENERAL INFORMATION
fixed length control field 110928s19uu xx 00 eng d
020 ## - INTERNATIONAL STANDARD BOOK NUMBER
International Standard Book Number 9780415559966
050 ## - LIBRARY OF CONGRESS CALL NUMBER
Classification number LB 1573
Item number .L425 2010
100 ## - MAIN ENTRY--PERSONAL NAME
Personal name Leicester, Mal
245 ## - TITLE STATEMENT
Title Adventure stories for reading. learning and literacy :
Remainder of title Cross-curricular resources for the primary school /
Statement of responsibility, etc Mal Leicester and Roger Twelvetrees.
260 ## - PUBLICATION, DISTRIBUTION, ETC. (IMPRINT)
Place of publication, distribution, etc London :
Name of publisher, distributor, etc Routledge,
Date of publication, distribution, etc 2010.
300 ## - PHYSICAL DESCRIPTION
Extent 111 p. :
Other physical details ill. ;
Dimensions 26 cm.
521 ## - TARGET AUDIENCE NOTE
Target audience note
650 ## - SUBJECT ADDED ENTRY--TOPICAL TERM
Topical term or geographic name as entry element Reading
650 ## - SUBJECT ADDED ENTRY--TOPICAL TERM
Topical term or geographic name as entry element Literacy programs
700 ## - ADDED ENTRY--PERSONAL NAME
Personal name Twelvetrees, Roger
942 ## - ADDED ENTRY ELEMENTS (KOHA)
Koha item type Books
Source of classification or shelving scheme Library of Congress Classification
Call number prefix Local
Holdings
Withdrawn status Lost status Source of classification or shelving scheme Damaged status Home library Current library Shelving location Date acquired Source of acquisition Cost, normal purchase price Total Checkouts Full call number Barcode Date last seen Date checked out Copy number Price effective from Koha item type
    Library of Congress Classification   College Library College Library General Circulation Section 09/28/2011 Donation 2211.00 1 LB 1573 .L425 2010 C13077 10/10/2019 10/05/2019 1 10/18/2013 Books

Adventure stories for reading. learning and literacy :

APA

Leicester M., Twelvetrees R., . (2010). Adventure stories for reading. learning and literacy. London: Routledge.

Chicago

Leicester Mal, Twelvetrees Roger, . 2010. Adventure stories for reading. learning and literacy. London: Routledge.

Harvard

Leicester M., Twelvetrees R., . (2010). Adventure stories for reading. learning and literacy. London: Routledge.

MLA

Leicester Mal, Twelvetrees Roger, . Adventure stories for reading. learning and literacy. London: Routledge. 2010.

  • Place hold
  • Print
  • Cite
  • Add to your cart (remove)
  • Save record
    BIBTEX Dublin Core MARCXML MARC (non-Unicode/MARC-8) MARC (Unicode/UTF-8) MARC (Unicode/UTF-8, Standard) MODS (XML) RIS
  • More searches
    Search for this title in:
    Other Libraries (WorldCat) Other Databases (Google Scholar) Online Stores (Bookfinder.com) Open Library (openlibrary.org)

Exporting to Dublin Core...

SOUTHVILLE LIBRARY

Southville International School and Colleges Library

1281 Tropical Ave. Cor. Luxembourg St., BF Homes International, Las Pinas City

Tel. No. 8256374 / 252358 Loc. 117/146

Powered by Koha